书目信息 |
| 题名: |
硬汉州长施瓦辛格
|
|
| 作者: | 麦冬 著 | |
| 分册: | ||
| 出版信息: | 北京 中国工人出版社 2004.02 |
|
| 页数: | 367页, [8] 页图版 | |
| 开本: | 21cm | |
| 丛书名: | ||
| 单 册: | ||
| 中图分类: | K837.12 | |
| 科图分类: | ||
| 主题词: | ||
| 电子资源: | ||
| ISBN: | 7-5008-3212-5 | |
| 000 | 00908nam0 2200253 450 | |
| 001 | 012008239062 | |
| 005 | 20080314141615.00 | |
| 010 | @a7-5008-3212-5@dCNY25.80 | |
| 100 | @a20080314d2004 km y0chiy0120 ea | |
| 101 | 0 | @achi |
| 102 | @aCN@b110000 | |
| 105 | @aacf z 000yd | |
| 106 | @ar | |
| 200 | 1 | @a硬汉州长施瓦辛格@Aying han zhou chang shi wa xin ge@f麦冬著@Fmai dong zhu |
| 210 | @a北京@c中国工人出版社@d2004.02 | |
| 215 | @a367页, [8] 页图版@c图, 肖像@d21cm | |
| 312 | @a英文题名取自封面。 | |
| 330 | @a本书讲述了施瓦辛格如何从一名山村少年成长为今天的顶尖人物,他人生的道路是如何跨越的,他的梦想是如何实现的,他的壮举是如何完成的等。 | |
| 510 | 1 | @aTough Guy Chief Executive Schwarzenegger@zeng |
| 600 | 1 | @a施瓦辛格@g(Schwarzeneg, Arnold),@f1947-@x生平事迹 |
| 690 | @aK837.12@v4 | |
| 701 | 0 | @a麦冬@Amai dong@4著 |
| 801 | 0 | @aCN@bQSSK@c20080314 |
| 905 | @b20283043-45@dK837.12@eS503@f3 | |
| 硬汉州长施瓦辛格/麦冬著.-北京:中国工人出版社,2004.02 |
| 367页, [8] 页图版:图, 肖像;21cm |
| ISBN 7-5008-3212-5:CNY25.80 |
| 本书讲述了施瓦辛格如何从一名山村少年成长为今天的顶尖人物,他人生的道路是如何跨越的,他的梦想是如何实现的,他的壮举是如何完成的等。 |
| ● |
| 相关链接 |
|
|
|
正题名:硬汉州长施瓦辛格
索取号:K837.12/S503
 
预约/预借
| 序号 | 登录号 | 条形码 | 馆藏地/架位号 | 状态 | 备注 |
| 1 | 283043 | 202830437 | 社科库309/ [索取号:K837.12/S503] | 在馆 | |
| 2 | 283044 | 202830446 | 社科库309/309社科库 3排1列1层/ [索取号:K837.12/S503] | 在馆 | |
| 3 | 283045 | 202830455 | 社科库309/309社科库 3排1列1层/ [索取号:K837.12/S503] | 在馆 |